00493nam a22001457a 4500082001200000100003000012245006800042260003400110300000900144490004600153650001400199942000700213999001500220952011200235 a366 CHE aChemical society of Japan a The Chemical society of Japan: A 125-Year Quest for Excellence aJapanbChemical Societyc2003 a196p aA 125-Year Quest for Excellence 1878-2003 achemistry cBK c1568d1568 0010708NFICaMLCampusbMLCampuscGENd2015-07-14l0o366 CHEp003243r2022-11-17 00:00:00w2015-07-14yBK